000 04260cam a22004457i 4500
001 data
005 20260322212110.0
008 data
035 _a20390530
906 _a7
_bcbc
_ccopycat
_d2
_encip
_f20
_gy-gencatlg
925 0 _aacquire
_b1 shelf copies
_xSel/ddw, 2018-09-10
010 _a 2018937419
020 _a9780199645831
_q(hbk.)
020 _a0199645833
_q(hbk.)
035 _a(OCoLC)1047608081
040 _aY$R
_beng
_cY$R
_erda
_dDLC
_dOCLCO
_dOCLCQ
_dTLE
_dTLC
_dGUA
_dOCLCF
_dWIO
_dIDJ
_dUAB
_dDLC
042 _alccopycat
050 0 0 _aBR145.3
_b.O936 2018
082 0 4 _a262
_223
245 0 4 _aThe Oxford handbook of ecclesiology /
_cedited by Paul Avis.
246 3 0 _aHandbook of ecclesiology
246 3 0 _aEcclesiology
264 1 _aOxford :
_bOxford University Press,
_c2018.
264 4 _c©2018
300 _axvii, 649 pages ;
_c26 cm.
336 _atext
_btxt
_2rdacontent
337 _aunmediated
_bn
_2rdamedia
338 _avolume
_bnc
_2rdacarrier
490 1 _aOxford handbooks
504 _aIncludes bibliographical references and index.
505 0 0 _tAfrican ecclesiologies /
_rStan Chu Ilo.
_tThe ecclesiology of Israel's Scriptures /
_rR.W.L. Moberly --
_tThe church in the Synoptic Gospels and the Acts of the Apostles /
_rLoveday C.A. Alexander --
_tThe Johannine vision of the church /
_rAndrew T. Lincoln --
_tThe shape of the Pauline churches /
_rEdward Adams --
_tThe church in the General Epistles /
_rGerald O'Collins, SJ --
_tEarly ecclesiology in the West /
_rMark Edwards --
_tThe Eastern Orthodox tradition /
_rAndrew Louth --
_tMedieval ecclesiology and the Conciliar Movement /
_rNorman Tanner, SJ --
_tThe church in the Magisterial Reformers /
_rDorothea Wendebourg --
_tAnglican ecclesiology /
_rPaul Avis --
_tRoman Catholic ecclesiology from the Council of Trent to Vatican II and beyond /
_rOrmond Rush --
_tBaptist concepts of the church and their antecedents /
_rPaul S. Fiddes --
_tMethodism and the church /
_rDavid M. Chapman --
_tPentecostal ecclesiologies /
_rAmos Yong --
_tKarl Barth /
_rKimlyn J. Bender --
_tYves Congar /
_rGabriel Flynn --
_tHenri de Lubac /
_rGabriel Flynn --
_tKarl Rahner /
_rRichard Lennan --
_tJoseph Ratzinger /
_rTheodor Dieter --
_tJohn Zizioulas /
_rPaul McPartlan --
_tWolfhart Pannenberg /
_rFriedericke Nüssel --
_tRowan Williams /
_rMike Higton --
_tFeminist critiques, visions, and models of the church /
_rElaine Graham --
_tSocial science and ideological critiques of ecclesiology /
_rNeil Ormerod --
_tLiberation ecclesiologies with special reference to Latin America /
_rMichelle A. Gonzalez --
_tAsian ecclesiologies /
_rSimon Chan --
_tAfrican ecclesiologies /
_rStan Chu Ilo.
520 _aThe Oxford Handbook of Ecclesiology is a unique scholarly resource for the study of the Christian Church as we find it in the Bible, in history and today. As the scholarly study of how we understand the Christian Church's identity and mission, ecclesiology is at the centre of today's theological research, reflection, and debate. Ecclesiology is the theological driver of the ecumenical movement. The main focus of the intense ecumenical engagement and dialogue of the past half-century has been ecclesiological and this is the area where the most intractable differences remain to be tackled Ecclesiology investigates the Church's manifold self-understanding in relation to a number of areas: the origins, structures, authority, doctrine, ministry, sacraments, unity, diversity, and mission of the Church, including its relation to the state and to society and culture. The sources of ecclesiological reflection are the Bible (interpreted in the light of scholarly research), Church history and the wealth of the Christian theological tradition, together with the information and insights that emerge from other relevant academic disciplines. This Handbook considers the biblical resources, historical development, and contemporary initiatives in ecclesiology. It offers invaluable and comprehensive guide to understanding the Church.
650 0 _aChurch.
650 0 _aChurch history.
650 0 _aChristianity.
650 7 _aChurch history.
_2fast
_0(OCoLC)fst00860740
700 1 _aAvis, Paul D. L.,
_eeditor.
830 0 _aOxford handbooks.
999 _c1635
_d1635